|
|
|
|
| LEADER |
00000caa a22000002c 4500 |
| 001 |
1639255834 |
| 003 |
DE-627 |
| 005 |
20260108154127.0 |
| 007 |
tu |
| 008 |
160223s2001 xx ||||| 00| ||eng c |
| 035 |
|
|
|a (DE-627)1639255834
|
| 035 |
|
|
|a (DE-576)455818428
|
| 035 |
|
|
|a (DE-599)BSZ455818428
|
| 040 |
|
|
|a DE-627
|b ger
|c DE-627
|e rakwb
|
| 041 |
|
|
|a eng
|
| 100 |
1 |
|
|a Bałandynowicz, Andrzej
|4 aut
|
| 245 |
1 |
2 |
|a A proposal of a new system for the prophylaxis of juvenile crime in Poland
|c Andrzej Balandynowicz
|
| 264 |
|
1 |
|c 2001
|
| 336 |
|
|
|a Text
|b txt
|2 rdacontent
|
| 337 |
|
|
|a ohne Hilfsmittel zu benutzen
|b n
|2 rdamedia
|
| 338 |
|
|
|a Band
|b nc
|2 rdacarrier
|
| 773 |
0 |
8 |
|i In
|t EuroCriminology
|d Łódź : Univ. Press, 1987
|g 15(2001), Seite 71-93
|w (DE-627)130684481
|w (DE-600)896858-5
|w (DE-576)018291694
|x 0860-3723
|7 nnas
|
| 773 |
1 |
8 |
|g volume:15
|g year:2001
|g pages:71-93
|
| 935 |
|
|
|a mkri
|
| 951 |
|
|
|a AR
|
| ELC |
|
|
|b 1
|
| LOK |
|
|
|0 000 xxxxxcx a22 zn 4500
|
| LOK |
|
|
|0 001 3299677071
|
| LOK |
|
|
|0 003 DE-627
|
| LOK |
|
|
|0 004 1639255834
|
| LOK |
|
|
|0 005 20260108154127
|
| LOK |
|
|
|0 008 160208||||||||||||||||ger|||||||
|
| LOK |
|
|
|0 040
|a DE-21-110
|c DE-627
|d DE-21-110
|
| LOK |
|
|
|0 689
|a s
|a Jugendkriminalität
|
| LOK |
|
|
|0 689
|a g
|a Polen
|
| LOK |
|
|
|0 689
|a s
|a Frühintervention
|
| LOK |
|
|
|0 689
|a s
|a Resozialisierung
|
| LOK |
|
|
|0 689
|a s
|a Delinquenzprophylaxe
|
| LOK |
|
|
|0 689
|a s
|a Alternative Sanktionen
|
| LOK |
|
|
|0 852
|a DE-21-110
|
| LOK |
|
|
|0 852 1
|m p
|9 00
|
| LOK |
|
|
|0 935
|a k110
|
| LOK |
|
|
|0 938
|k p
|
| LOK |
|
|
|0 939
|a 08-02-16
|b l01
|
| ORI |
|
|
|a SA-MARC-krimdoka001.raw
|